| 000 | 00394 a2200157 4500 | ||
|---|---|---|---|
| 001 | 74891 | ||
| 020 | _a9788506064351 | ||
| 040 | _cAnchieta - Colégio São Paulo | ||
| 100 | _aMuniz, Flávia. | ||
| 240 | 1 | 0 |
_aPrimeiras histórias: bichos incríveis _lpor |
| 245 | 1 | 0 | _aPrimeiras histórias: bichos incríveis |
| 300 | _a31 | ||
| 362 | 0 | _a2005 | |
| 650 | 4 | _aLiteratura infantil | |
| 942 | _cBK | ||
| 999 |
_c74891 _d74891 |
||